书目信息 |
| 题名: |
中国历史上的环境与社会
|
|
| 作者: | 王利华 主编 | |
| 分册: | ||
| 出版信息: | 北京 三联书店 2007 |
|
| 页数: | 567页 | |
| 开本: | 23cm | |
| 丛书名: | ||
| 单 册: | ||
| 中图分类: | X2 | |
| 科图分类: | ||
| 主题词: | 生态环境--关系--社会发展--研究--中国 | |
| 电子资源: | ||
| ISBN: | 978-7-108-02729-0 | |
| 000 | 00921nam0 2200229 450 | |
| 001 | 1549473821 | |
| 005 | 20150118135012.81 | |
| 010 | @a978-7-108-02729-0@dCNY43.00 | |
| 100 | @a20080407d2007 em y0chiy50 ea | |
| 101 | 0 | @achi |
| 102 | @aCN@b110000 | |
| 105 | @ab z 000yy | |
| 200 | 1 | @a中国历史上的环境与社会@9zhong guo li shi shang de huan jing yu she hui@f王利华主编 |
| 210 | @a北京@c三联书店@d2007 | |
| 215 | @a567页@c地图@d23cm | |
| 300 | @a本书出版得到南开大学中国社会史研究中心、南开大学“中国思想与社会研究”哲学社会科学创新基地、南开大学亚洲研究中心、中国农业历史学会的资助 | |
| 330 | @a本书收入论文三十篇,从环境史研究的架构与理论方法、经济活动对环境的影响、水利与国计民生、灾害与环境、自然与环境的关系等五个方面进行研究。 | |
| 606 | 0 | @a生态环境@x关系@x社会发展@x研究@y中国 |
| 690 | @aX2@v5 | |
| 701 | 0 | @a王利华@9wang li hua@f(1963~)@4主编 |
| 801 | 0 | @aCN@bTSSF@c20150118 |
| 905 | @aZUCC@dX2@eJY41 | |
| 中国历史上的环境与社会/王利华主编.-北京:三联书店,2007 |
| 567页:地图;23cm |
| 本书出版得到南开大学中国社会史研究中心、南开大学“中国思想与社会研究”哲学社会科学创新基地、南开大学亚洲研究中心、中国农业历史学会的资助 |
| ISBN 978-7-108-02729-0:CNY43.00 |
| 本书收入论文三十篇,从环境史研究的架构与理论方法、经济活动对环境的影响、水利与国计民生、灾害与环境、自然与环境的关系等五个方面进行研究。 |
| ● |
| 相关链接 |
|
|
|
|
正题名:中国历史上的环境与社会
索取号:X2/JY41
 
预约/预借
| 序号 | 登录号 | 条形码 | 馆藏地/架位号 | 状态 | 备注 |
| 1 | 7849038 | 278490385 | 学院路分馆/ [索取号:X2/JY41] | 在馆 | |
| 2 | 7849039 | 278490394 | 学院路分馆/ [索取号:X2/JY41] | 在馆 |